Equatorial Guinea : EIU country profile 2004.

Bibliographic Details
Format: Book
Published: London: The Economist Intelligence Unit, 2004.
Subjects:
LEADER 00454cam a2200145 7i4500
001 0000015673
005 20050615090000.0
022 0 0 |a 0269-6371 
090 0 0 |a EQGU 330.9   |b EQU 
245 0 0 |a Equatorial Guinea :   |b EIU country profile 2004. 
260 0 0 |a London:   |b The Economist Intelligence Unit,   |c 2004. 
300 # # |a 37 p. 
650 0 0 |a Equatorial Guinea --   |x Country profile  
651 0 0 |a Equatorial Guinea  
999 |a B000017155  |b Book  |c Countries  |e Business Information Centre